|
|
|
|
| LEADER |
00000nam a2200000 a 4500 |
| 001 |
vtls001371118 |
| 003 |
SK-MaSNL |
| 005 |
20260301115331.0 |
| 008 |
251112s1999 xo r 0 slo |
| 015 |
|
|
|a SNBA2000/10-03616
|
| 020 |
|
|
|a 8071142573
|
| 020 |
|
|
|a 8071142565
|
| 035 |
|
|
|a SNK000324917
|
| 040 |
|
|
|a SNK
|b slo
|c SNK
|e AACR2
|
| 041 |
0 |
|
|a slo
|
| 044 |
|
|
|a xo
|c SK
|
| 080 |
|
|
|a 242:264-041.4/.6
|2 1981
|
| 080 |
|
|
|a 264-041.4/.6
|2 1981
|
| 100 |
1 |
|
|a Fernández Carvajal, Francisco,
|d 1938-
|4 aut
|9 86670
|
| 240 |
1 |
0 |
|a Habiar con Dios
|l Slovensky
|
| 245 |
1 |
0 |
|a Hovoriť s Bohom
|b meditácie na každý deň
|n [2. časť]
|p Pôstne obdobie, Veľká noc, Veľkonočné obdobie
|c Francisco Fernández Carvajal ; [zo španielskeho originálu preložila Marcela Katonová]
|
| 260 |
|
|
|a Bratislava
|b Lúč
|c 1999
|
| 300 |
|
|
|a 671 s.
|c 16 cm
|
| 500 |
|
|
|a Údaj o prekl. prevzatý z rubu tit. strany
|
| 504 |
|
|
|a Reg. citátov cirkevných otcov, pápežov, svätých a vec. Pozn.
|
| 650 |
0 |
7 |
|a pôst
|2 SNKPH
|9 1978
|
| 650 |
0 |
7 |
|a Veľká noc
|2 SNKPH
|9 3414
|
| 650 |
0 |
7 |
|a meditácie
|2 SNKPH
|9 318560
|
| 655 |
|
7 |
|a príručky
|2 SNKPH
|9 74364
|
| 700 |
1 |
|
|a Katonová, Marcela
|4 trl
|9 65095
|
| 700 |
1 |
|
|a Vaško, Imrich,
|d 1936-2010
|4 dnr
|9 206049
|
| 730 |
|
|
|a Habiar con Dios
|9 460192
|
| 919 |
|
|
|a 80-7114-257-3
|
| 919 |
|
|
|a 80-7114-256-5
|
| 958 |
|
|
|a NT
|
| 958 |
|
|
|a TL
|
| 958 |
|
|
|a OP
|
| 958 |
|
|
|a NS
|
| 968 |
|
|
|b ESP
|
| 999 |
|
|
|c 721777
|d 723707
|
| 952 |
|
|
|t P60, <09>, [BOOK], {629}
|a SNK
|b SNK
|y NEVYP
|7 0
|o snkE 61
|i snk1051/990902
|0 0
|1 0
|4 0
|d 1999-08-30
|l 0
|r 2005-01-02 00:00:00
|w 2026-02-23
|
| 952 |
|
|
|t P60, <03>, [BOOK], {603}
|a SNK
|b SNK
|y PREZ
|7 0
|p 17A0208127
|o snkSD 70311/2
|i snkKSP 8717/99
|0 0
|1 0
|4 0
|d 1999-08-30
|l 0
|r 2005-01-02 00:00:00
|w 2026-02-23
|
| 952 |
|
|
|t P60, <04>, [BOOK], {604}
|a SNK
|b SNK
|y VYP
|7 0
|p 17A0208126
|o snkSD 70311/2 D1
|i snkKSP 8718/99
|0 0
|1 0
|4 0
|d 1999-08-30
|l 0
|r 2005-01-02 00:00:00
|w 2026-02-23
|